Alle deutschen Gegner der WM 2014 - Statistiken

Allgemein
  • Dieses Quiz wurde 582 mal gespielt
  • Das Durchschnittsergebnis liegt bei 6 aus 7
Antwortstatistiken
Spiel Spielstand Gegner % Korrekt
Finale 1:0 n.V. Argentinien
99%
Halbfinale 7:1 Brasilien
99%
Viertelfinale 1:0 Frankreich
90%
1. Spieltag 4:0 Portugal
89%
Achtelfinale 2:1 Algerien
82%
2. Spieltag 2:2 Ghana
78%
3. Spieltag 1:0 USA
77%
Keine übereinstimmenden Quizze gefunden
Verteilung der Resultate
Anzahl Personen mit jedem Resultat
Perzentil nach korrekt beantworteten Fragen
Ihre Resultats-Entwicklung
Sie haben dieses Quiz noch nicht gespielt